00326nam a2200145Ia 4500008004000000041000800040082001100048100001700059245003000076260003200106650001100138650001200149650000700161650001200168210210b1960 xxu||||| |||| 00| 0 eng d aeng a791/62 aWEBBER (Roy) aPhoenix theory of cricket aLondonbPhoenix booksc1960 atheory aPhoenix aof acricket